[Event "European Senior Team Championship 2021"]
[Site "Don Giovanni hotel, Vinohradska 2733, Prague, Czech Republic"]
[Date "2021.09.01"]
[Round "3"]
[Board "4"]
[White "Priehoda, Vitezslav"]
[Black "Sysr, Pavel"]
[Result "1-0"]
[WhiteElo "2269"]
[BlackElo "1563"]
[PlyCount "0"]
[EventDate "2021.08.30"]
[EventType "team"]
[EventRounds "9"]
[EventCountry "ECX"]
[WhiteTeam "1960-69"]
[BlackTeam "MAKKABI BOSKOVICE"]

1. c4 {[%clk 1:30:57]} Nf6 {[%clk 1:30:50]} 2. Nc3 {[%clk 1:31:18]} e6
{[%clk 1:31:10]} 3. e4 {[%clk 1:30:58]} e5 {[%clk 1:25:52]} 4. Nf3
{[%clk 1:30:05]} d6 {[%clk 1:26:04]} 5. d4 {[%clk 1:30:28]} exd4 {[%clk 1:23:09]}
6. Nxd4 {[%clk 1:30:13]} c5 {[%clk 1:19:33]} 7. Nc2 {[%clk 1:25:41]} Nc6
{[%clk 1:17:06]} 8. Be2 {[%clk 1:24:57]} Be7 {[%clk 1:16:06]} 9. O-O
{[%clk 1:25:20]} O-O {[%clk 1:16:17]} 10. Bf4 {[%clk 1:17:45]} Ne5
{[%clk 1:13:07]} 11. Qd2 {[%clk 1:16:10]} Be6 {[%clk 1:08:30]} 12. b3
{[%clk 1:14:20]} a6 {[%clk 1:06:38]} 13. Rad1 {[%clk 1:09:35]} Qc7
{[%clk 1:04:36]} 14. Bg3 {[%clk 1:06:33]} Rad8 {[%clk 0:52:30]} 15. f4
{[%clk 0:51:22]} Nc6 {[%clk 0:47:41]} 16. Bf3 {[%clk 0:48:51]} Bg4
{[%clk 0:44:14]} 17. Bxg4 {[%clk 0:41:37]} Nxg4 {[%clk 0:44:14]} 18. h3
{[%clk 0:41:54]} Nf6 {[%clk 0:43:24]} 19. Ne3 {[%clk 0:41:50]} Nd4
{[%clk 0:41:09]} 20. Bf2 {[%clk 0:41:00]} Rfe8 {[%clk 0:31:55]} 21. Ned5
{[%clk 0:40:03]} Qb8 {[%clk 0:24:59]} 22. Bxd4 {[%clk 0:33:36]} cxd4
{[%clk 0:22:52]} 23. Nxe7+ {[%clk 0:30:12]} Rxe7 {[%clk 0:22:54]} 24. Qxd4
{[%clk 0:30:38]} Rde8 {[%clk 0:20:23]} 25. Rfe1 {[%clk 0:28:08]} b5
{[%clk 0:15:20]} 26. Qxd6 {[%clk 0:25:45]} Qa7+ {[%clk 0:14:06]} 27. Qd4
{[%clk 0:25:30]} Qxd4+ {[%clk 0:07:50]} 28. Rxd4 {[%clk 0:25:57]} b4
{[%clk 0:05:39]} 29. Nd5 {[%clk 0:26:15]}  1-0

[Event "European Senior Team Championship 2021"]
[Site "Don Giovanni hotel, Vinohradska 2733, Prague, Czech Republic"]
[Date "2021.09.01"]
[Round "3"]
[Board "1"]
[White "Kubikova, Hana"]
[Black "Hracek, Zbynek"]
[Result "0-1"]
[WhiteElo "2070"]
[BlackElo "2565"]
[PlyCount "0"]
[EventDate "2021.08.30"]
[EventType "team"]
[EventRounds "9"]
[EventCountry "ECX"]
[WhiteTeam "CZECH REPUBLIC WOMEN"]
[BlackTeam "CZECH REPUBLIC"]

1. d4 {[%clk 1:30:57]} Nf6 {[%clk 1:30:55]} 2. Nf3 {[%clk 1:31:13]} e6
{[%clk 1:31:15]} 3. c4 {[%clk 1:31:25]} b6 {[%clk 1:31:39]} 4. g3
{[%clk 1:30:56]} Ba6 {[%clk 1:32:00]} 5. Nbd2 {[%clk 1:30:32]} c5
{[%clk 1:32:20]} 6. Bg2 {[%clk 1:30:03]} Nc6 {[%clk 1:32:40]} 7. dxc5
{[%clk 1:19:23]} bxc5 {[%clk 1:32:58]} 8. O-O {[%clk 1:19:20]} Be7
{[%clk 1:33:23]} 9. Qa4 {[%clk 1:17:42]} Qc8 {[%clk 1:32:37]} 10. Ne5
{[%clk 1:16:53]} Nd4 {[%clk 1:32:31]} 11. Re1 {[%clk 1:12:15]} Bb7
{[%clk 1:32:45]} 12. Bxb7 {[%clk 1:04:28]} Qxb7 {[%clk 1:33:13]} 13. Ndf3
{[%clk 1:03:06]} Ne4 {[%clk 1:06:08]} 14. Nxd4 {[%clk 0:55:46]} cxd4
{[%clk 1:06:33]} 15. Qb5 {[%clk 0:53:55]} Qc7 {[%clk 0:35:48]} 16. Rd1
{[%clk 0:49:46]} Nc5 {[%clk 0:32:02]} 17. b4 {[%clk 0:42:03]} a6 {[%clk 0:16:25]}
18. Qa5 {[%clk 0:40:54]} Qxe5 {[%clk 0:16:49]} 19. Bf4 {[%clk 0:37:27]} Qxe2
{[%clk 0:13:40]} 20. bxc5 {[%clk 0:37:26]} Qxc4 {[%clk 0:14:09]} 21. Be5
{[%clk 0:37:24]} Qxc5 {[%clk 0:12:26]} 22. Qxc5 {[%clk 0:33:33]} Bxc5
{[%clk 0:12:55]} 23. Bxg7 {[%clk 0:33:57]} Rg8 {[%clk 0:13:24]} 24. Bxd4
{[%clk 0:34:19]} Rg5 {[%clk 0:12:34]} 25. Rac1 {[%clk 0:32:38]} Rc8
{[%clk 0:09:15]} 26. Be3 {[%clk 0:28:24]} Re5 {[%clk 0:09:41]} 27. Kf1
{[%clk 0:28:14]} Rc6 {[%clk 0:09:18]} 28. Rd3 {[%clk 0:20:09]} Ke7
{[%clk 0:04:54]} 29. Bf4 {[%clk 0:18:04]} Rf5 {[%clk 0:05:05]} 30. Rcd1
{[%clk 0:17:29]} d6 {[%clk 0:04:49]} 31. R1d2 {[%clk 0:10:05]} e5
{[%clk 0:01:01]} 32. Be3 {[%clk 0:09:21]} e4 {[%clk 0:01:23]} 33. Rb3
{[%clk 0:09:27]} Ke6 {[%clk 0:00:45]} 34. Bxc5 {[%clk 0:07:55]} Rfxc5
{[%clk 0:01:09]} 35. Rd4 {[%clk 0:07:18]} Rc1+ {[%clk 0:00:41]} 36. Ke2
{[%clk 0:06:08]} Ke5 {[%clk 0:00:42]} 37. Rd2 {[%clk 0:05:48]} d5
{[%clk 0:00:51]} 38. f4+ {[%clk 0:04:40]} Kd6 {[%clk 0:01:03]} 39. Rb8
{[%clk 0:04:54]} Rc8 {[%clk 0:01:06]} 40. Rb7 {[%clk 0:04:20]} R1c7
{[%clk 0:01:10]} 41. Rb6+ {[%clk 0:04:21]} Rc6 {[%clk 0:01:22]} 42. Rb7
{[%clk 0:04:25]} Rc2 {[%clk 0:24:39]} 43. Rxf7 {[%clk 0:27:52]} d4
{[%clk 0:21:53]} 44. Rf5 {[%clk 0:26:45]} d3+ {[%clk 0:19:32]} 45. Ke3
{[%clk 0:26:00]} Rxd2 {[%clk 0:19:59]} 46. Kxd2 {[%clk 0:26:26]} Rc2+
{[%clk 0:20:25]}  0-1

[Event "European Senior Team Championship 2021"]
[Site "Don Giovanni hotel, Vinohradska 2733, Prague, Czech Republic"]
[Date "2021.09.01"]
[Round "3"]
[Board "2"]
[White "Haba, Petr"]
[Black "Svobodova, Michaela"]
[Result "1-0"]
[WhiteElo "2444"]
[BlackElo "1919"]
[PlyCount "0"]
[EventDate "2021.08.30"]
[EventType "team"]
[EventRounds "9"]
[EventCountry "ECX"]
[WhiteTeam "CZECH REPUBLIC"]
[BlackTeam "CZECH REPUBLIC WOMEN"]

1. e4 {[%clk 1:30:45]} c5 {[%clk 1:30:34]} 2. Nc3 {[%clk 1:31:02]} e6
{[%clk 1:29:54]} 3. Nf3 {[%clk 1:31:17]} a6 {[%clk 1:29:50]} 4. d4
{[%clk 1:31:36]} cxd4 {[%clk 1:30:09]} 5. Nxd4 {[%clk 1:32:00]} Qc7
{[%clk 1:30:14]} 6. Qf3 {[%clk 1:32:13]} Nc6 {[%clk 1:25:06]} 7. Nxc6
{[%clk 1:31:58]} dxc6 {[%clk 1:23:33]} 8. Qg3 {[%clk 1:30:28]} Qxg3
{[%clk 1:18:41]} 9. hxg3 {[%clk 1:30:43]} e5 {[%clk 1:15:43]} 10. Be3
{[%clk 1:26:23]} Be6 {[%clk 1:12:41]} 11. O-O-O {[%clk 1:22:14]} Bb4
{[%clk 1:01:40]} 12. Na4 {[%clk 1:12:39]} Nf6 {[%clk 0:58:14]} 13. Bc5
{[%clk 1:07:22]} Bxc5 {[%clk 0:48:18]} 14. Nxc5 {[%clk 1:07:46]} Ke7
{[%clk 0:48:03]} 15. f3 {[%clk 1:06:58]} Rab8 {[%clk 0:42:47]} 16. g4
{[%clk 1:04:28]} Nd7 {[%clk 0:37:51]} 17. Nxe6 {[%clk 1:04:43]} Kxe6
{[%clk 0:38:00]} 18. Bc4+ {[%clk 0:55:43]} Ke7 {[%clk 0:38:19]} 19. Bxf7
{[%clk 0:55:59]} Nc5 {[%clk 0:34:47]} 20. Bb3 {[%clk 0:50:18]} Nxb3+
{[%clk 0:28:32]} 21. axb3 {[%clk 0:48:51]} h6 {[%clk 0:27:33]} 22. Rh5
{[%clk 0:44:17]} Ke6 {[%clk 0:23:20]} 23. Rdh1 {[%clk 0:44:42]} Rhd8
{[%clk 0:18:08]} 24. g5 {[%clk 0:37:29]} hxg5 {[%clk 0:17:56]} 25. Rxg5
{[%clk 0:37:54]} Rd7 {[%clk 0:17:38]} 26. b4 {[%clk 0:31:41]} Rbd8
{[%clk 0:16:24]} 27. b3 {[%clk 0:32:03]} Kf6 {[%clk 0:11:46]} 28. Rf5+
{[%clk 0:25:51]} Ke6 {[%clk 0:07:20]} 29. Rhh5 {[%clk 0:25:49]} Rd2
{[%clk 0:06:59]} 30. Rxe5+ {[%clk 0:24:01]} Kf6 {[%clk 0:06:11]} 31. Rhf5+
{[%clk 0:24:13]} Kg6 {[%clk 0:06:30]} 32. Re6+ {[%clk 0:24:08]} Kh7
{[%clk 0:06:50]} 33. Rh5+ {[%clk 0:24:27]} Kg8 {[%clk 0:07:12]} 34. Re8+
{[%clk 0:24:06]} Kf7 {[%clk 0:07:23]} 35. Rxd8 {[%clk 0:24:28]} Rxd8
{[%clk 0:07:47]} 36. Rh1 {[%clk 0:22:29]} Ke6 {[%clk 0:07:44]} 37. c3
{[%clk 0:19:33]} Ke5 {[%clk 0:07:21]} 38. Rd1 {[%clk 0:19:22]} Rh8
{[%clk 0:07:19]} 39. Rd7 {[%clk 0:19:42]} Kf4 {[%clk 0:04:32]} 40. Rxg7
{[%clk 0:11:09]} Rd8 {[%clk 0:01:10]} 41. Rg4+ {[%clk 0:09:45]} Ke3
{[%clk 0:01:27]} 42. e5 {[%clk 0:10:10]} Rh8 {[%clk 0:25:08]} 43. Kc2
{[%clk 0:39:18]}  1-0

[Event "European Senior Team Championship 2021"]
[Site "Don Giovanni hotel, Vinohradska 2733, Prague, Czech Republic"]
[Date "2021.09.01"]
[Round "3"]
[Board "3"]
[White "Cejkova, Miroslava"]
[Black "Vokac, Marek"]
[Result "0-1"]
[WhiteElo "2010"]
[BlackElo "2370"]
[PlyCount "0"]
[EventDate "2021.08.30"]
[EventType "team"]
[EventRounds "9"]
[EventCountry "ECX"]
[WhiteTeam "CZECH REPUBLIC WOMEN"]
[BlackTeam "CZECH REPUBLIC"]

1. e4 {[%clk 1:30:56]} g6 {[%clk 1:30:40]} 2. Nc3 {[%clk 1:31:07]} Bg7
{[%clk 1:31:04]} 3. f4 {[%clk 1:28:49]} c6 {[%clk 1:30:58]} 4. Nf3
{[%clk 1:28:17]} d5 {[%clk 1:30:15]} 5. d4 {[%clk 1:19:12]} dxe4 {[%clk 1:23:14]}
6. Nxe4 {[%clk 1:18:57]} Nd7 {[%clk 1:23:41]} 7. c3 {[%clk 1:12:33]} Ndf6
{[%clk 1:22:18]} 8. Nxf6+ {[%clk 0:48:43]} Nxf6 {[%clk 1:22:38]} 9. Bd3
{[%clk 0:49:00]} Bg4 {[%clk 1:21:43]} 10. O-O {[%clk 0:48:42]} e6
{[%clk 1:21:13]} 11. Qe1 {[%clk 0:45:20]} Bxf3 {[%clk 1:13:35]} 12. Rxf3
{[%clk 0:45:43]} O-O {[%clk 1:13:51]} 13. h3 {[%clk 0:32:23]} Qd5
{[%clk 1:09:22]} 14. Qe2 {[%clk 0:29:56]} Rfe8 {[%clk 1:07:19]} 15. Be3
{[%clk 0:28:05]} a6 {[%clk 1:03:05]} 16. Bf2 {[%clk 0:26:56]} Qd6
{[%clk 0:50:27]} 17. Rf1 {[%clk 0:22:21]} Nd5 {[%clk 0:49:54]} 18. g3
{[%clk 0:17:36]} b5 {[%clk 0:46:31]} 19. Qc2 {[%clk 0:17:02]} a5 {[%clk 0:39:22]}
20. Rd1 {[%clk 0:15:56]} a4 {[%clk 0:37:28]} 21. a3 {[%clk 0:14:07]} f5
{[%clk 0:33:34]} 22. Re1 {[%clk 0:13:28]} h5 {[%clk 0:33:24]} 23. h4
{[%clk 0:11:24]} Kf7 {[%clk 0:32:18]} 24. Be3 {[%clk 0:09:35]} Nf6
{[%clk 0:30:53]} 25. Bc1 {[%clk 0:09:07]} Ng4 {[%clk 0:30:51]} 26. Be2
{[%clk 0:08:53]} Rad8 {[%clk 0:25:23]} 27. Rd3 {[%clk 0:08:58]} c5
{[%clk 0:24:33]} 28. Bxg4 {[%clk 0:04:07]} hxg4 {[%clk 0:24:58]} 29. Be3
{[%clk 0:04:26]} e5 {[%clk 0:24:34]} 30. fxe5 {[%clk 0:03:09]} Bxe5
{[%clk 0:23:43]} 31. Bf2 {[%clk 0:01:19]} cxd4 {[%clk 0:24:02]} 32. cxd4
{[%clk 0:01:17]} Qd5 {[%clk 0:20:19]} 33. Red1 {[%clk 0:00:32]} Bd6
{[%clk 0:20:15]} 34. Qd2 {[%clk 0:00:58]} Kg7 {[%clk 0:17:31]} 35. Re1
{[%clk 0:00:37]} Rxe1+ {[%clk 0:15:22]} 36. Qxe1 {[%clk 0:01:05]} g5
{[%clk 0:12:56]} 37. Qd2 {[%clk 0:00:34]} f4 {[%clk 0:13:07]}  0-1

[Event "European Senior Team Championship 2021"]
[Site "Don Giovanni hotel, Vinohradska 2733, Prague, Czech Republic"]
[Date "2021.09.01"]
[Round "3"]
[Board "4"]
[White "Konopka, Michal"]
[Black "Taborska, Veronika"]
[Result "1-0"]
[WhiteElo "2368"]
[BlackElo "2002"]
[PlyCount "0"]
[EventDate "2021.08.30"]
[EventType "team"]
[EventRounds "9"]
[EventCountry "ECX"]
[WhiteTeam "CZECH REPUBLIC"]
[BlackTeam "CZECH REPUBLIC WOMEN"]

1. d4 {[%clk 1:30:56]} d5 {[%clk 1:30:48]} 2. c4 {[%clk 1:31:17]} e6
{[%clk 1:31:09]} 3. Nf3 {[%clk 1:31:29]} c6 {[%clk 1:30:34]} 4. Qc2
{[%clk 1:30:57]} Nf6 {[%clk 1:30:29]} 5. g3 {[%clk 1:31:15]} g6 {[%clk 1:27:17]}
6. Bg2 {[%clk 1:31:08]} Bg7 {[%clk 1:27:29]} 7. O-O {[%clk 1:31:13]} O-O
{[%clk 1:26:49]} 8. Nbd2 {[%clk 1:30:18]} Nbd7 {[%clk 1:25:37]} 9. e4
{[%clk 1:26:11]} dxe4 {[%clk 1:23:43]} 10. Nxe4 {[%clk 1:26:34]} Nxe4
{[%clk 1:21:37]} 11. Qxe4 {[%clk 1:23:22]} c5 {[%clk 1:17:17]} 12. Rd1
{[%clk 1:18:39]} cxd4 {[%clk 0:59:44]} 13. Bg5 {[%clk 1:16:19]} Qa5
{[%clk 0:56:12]} 14. b4 {[%clk 1:06:05]} Qxb4 {[%clk 0:54:06]} 15. Nxd4
{[%clk 1:06:12]} Qxc4 {[%clk 0:42:50]} 16. Rac1 {[%clk 1:04:52]} Qxa2
{[%clk 0:40:35]} 17. Nb5 {[%clk 0:55:19]} Qa5 {[%clk 0:34:50]} 18. Qb1
{[%clk 0:39:06]} Nf6 {[%clk 0:28:43]} 19. Bd2 {[%clk 0:37:00]} Qa4
{[%clk 0:26:22]} 20. Nc7 {[%clk 0:36:48]} Rb8 {[%clk 0:24:41]} 21. Bb4
{[%clk 0:35:25]} e5 {[%clk 0:19:00]} 22. Bxf8 {[%clk 0:34:52]} Bf5
{[%clk 0:18:49]} 23. Qb4 {[%clk 0:31:01]}  1-0

[Event "European Senior Team Championship 2021"]
[Site "Don Giovanni hotel, Vinohradska 2733, Prague, Czech Republic"]
[Date "2021.09.01"]
[Round "3"]
[Board "1"]
[White "Nudcenko, Karel"]
[Black "Nemec, Pavel"]
[Result "0-1"]
[WhiteElo "2033"]
[BlackElo "2213"]
[PlyCount "0"]
[EventDate "2021.08.30"]
[EventType "team"]
[EventRounds "9"]
[EventCountry "ECX"]
[WhiteTeam "TJ SOKOL UDLICE"]
[BlackTeam "SK BOHEMIA PARDUBICE"]

1. e4 {[%clk 1:30:59]} c5 {[%clk 1:30:53]} 2. c3 {[%clk 1:31:09]} d5
{[%clk 1:31:07]} 3. exd5 {[%clk 1:31:28]} Qxd5 {[%clk 1:31:36]} 4. d4
{[%clk 1:31:21]} Nc6 {[%clk 1:31:39]} 5. Nf3 {[%clk 1:30:42]} Nf6
{[%clk 1:31:54]} 6. Be2 {[%clk 1:29:28]} e6 {[%clk 1:31:50]} 7. O-O
{[%clk 1:28:57]} cxd4 {[%clk 1:29:19]} 8. cxd4 {[%clk 1:29:03]} Be7
{[%clk 1:29:42]} 9. Nc3 {[%clk 1:28:02]} Qd8 {[%clk 1:30:07]} 10. Bf4
{[%clk 1:25:17]} O-O {[%clk 1:30:21]} 11. Bc4 {[%clk 1:17:35]} Nb4
{[%clk 1:27:03]} 12. Qb3 {[%clk 1:10:35]} a6 {[%clk 1:16:38]} 13. a3
{[%clk 1:06:06]} Nc6 {[%clk 1:16:40]} 14. Qd1 {[%clk 1:05:16]} b5
{[%clk 1:09:43]} 15. Ba2 {[%clk 1:03:15]} b4 {[%clk 1:09:18]} 16. axb4
{[%clk 1:01:26]} Nxb4 {[%clk 1:09:37]} 17. Bc4 {[%clk 0:58:06]} Bb7
{[%clk 1:09:28]} 18. Be5 {[%clk 0:50:49]} Rc8 {[%clk 1:05:41]} 19. Qe2
{[%clk 0:46:56]} Nd7 {[%clk 0:55:52]} 20. Rfd1 {[%clk 0:42:33]} Nxe5
{[%clk 0:45:22]} 21. Nxe5 {[%clk 0:40:10]} Kh8 {[%clk 0:35:52]} 22. b3
{[%clk 0:30:41]} Bf6 {[%clk 0:25:57]} 23. Ne4 {[%clk 0:29:03]} Bxe4
{[%clk 0:19:45]} 24. Qxe4 {[%clk 0:28:49]} Qd6 {[%clk 0:18:37]} 25. Ra4
{[%clk 0:23:45]} Rb8 {[%clk 0:16:30]} 26. h4 {[%clk 0:17:40]} Kg8
{[%clk 0:15:35]} 27. h5 {[%clk 0:14:28]} Rfd8 {[%clk 0:14:28]} 28. Rxb4
{[%clk 0:08:57]} Rxb4 {[%clk 0:14:43]} 29. Nc6 {[%clk 0:09:15]} Rxc4
{[%clk 0:10:33]} 30. bxc4 {[%clk 0:09:43]} Rc8 {[%clk 0:10:50]} 31. d5
{[%clk 0:09:42]} Rxc6 {[%clk 0:10:59]}  0-1

[Event "European Senior Team Championship 2021"]
[Site "Don Giovanni hotel, Vinohradska 2733, Prague, Czech Republic"]
[Date "2021.09.01"]
[Round "3"]
[Board "2"]
[White "Malinovsky, Petr"]
[Black "Mazanek, Kamil"]
[Result "1/2-1/2"]
[WhiteElo "2076"]
[BlackElo "2070"]
[PlyCount "0"]
[EventDate "2021.08.30"]
[EventType "team"]
[EventRounds "9"]
[EventCountry "ECX"]
[WhiteTeam "SK BOHEMIA PARDUBICE"]
[BlackTeam "TJ SOKOL UDLICE"]

1. d4 {[%clk 1:30:56]} d5 {[%clk 1:30:18]} 2. c4 {[%clk 1:31:18]} c6
{[%clk 1:28:51]} 3. Nf3 {[%clk 1:31:19]} Nf6 {[%clk 1:29:19]} 4. e3
{[%clk 1:31:35]} Bf5 {[%clk 1:28:22]} 5. Bd3 {[%clk 1:28:53]} Bxd3
{[%clk 1:27:15]} 6. Qxd3 {[%clk 1:29:19]} e6 {[%clk 1:27:11]} 7. O-O
{[%clk 1:28:34]} Be7 {[%clk 1:27:06]} 8. b3 {[%clk 1:26:53]} O-O {[%clk 1:26:46]}
9. Ba3 {[%clk 1:25:50]} Nbd7 {[%clk 1:24:15]} 10. Bxe7 {[%clk 1:24:01]} Qxe7
{[%clk 1:24:34]} 11. Nbd2  1/2-1/2

[Event "European Senior Team Championship 2021"]
[Site "Don Giovanni hotel, Vinohradska 2733, Prague, Czech Republic"]
[Date "2021.09.01"]
[Round "3"]
[Board "3"]
[White "Svarc, Roman"]
[Black "Paldus, Petr"]
[Result "1-0"]
[WhiteElo "2030"]
[BlackElo "2025"]
[PlyCount "0"]
[EventDate "2021.08.30"]
[EventType "team"]
[EventRounds "9"]
[EventCountry "ECX"]
[WhiteTeam "TJ SOKOL UDLICE"]
[BlackTeam "SK BOHEMIA PARDUBICE"]

1. c4 {[%clk 1:30:56]} e6 {[%clk 1:30:56]} 2. Nf3 {[%clk 1:30:23]} d5
{[%clk 1:31:09]} 3. g3 {[%clk 1:29:07]} c6 {[%clk 1:31:34]} 4. b3
{[%clk 1:29:06]} f5 {[%clk 1:31:12]} 5. Bb2 {[%clk 1:29:19]} Nf6 {[%clk 1:31:36]}
6. Bg2 {[%clk 1:29:30]} Bd6 {[%clk 1:31:19]} 7. O-O {[%clk 1:29:37]} O-O
{[%clk 1:31:43]} 8. d3 {[%clk 1:29:40]} Bd7 {[%clk 1:25:02]} 9. Nbd2
{[%clk 1:27:32]} Be8 {[%clk 1:25:00]} 10. e4 {[%clk 1:24:52]} fxe4
{[%clk 1:24:24]} 11. dxe4 {[%clk 1:25:07]} Nxe4 {[%clk 1:21:04]} 12. Nxe4
{[%clk 1:24:14]} dxe4 {[%clk 1:21:32]} 13. Ng5 {[%clk 1:22:11]} Qe7
{[%clk 1:09:28]} 14. Bxe4 {[%clk 1:04:11]} Qxg5 {[%clk 0:39:10]} 15. Qxd6
{[%clk 1:04:30]} Bf7 {[%clk 0:39:30]} 16. Rad1 {[%clk 0:57:59]} Na6
{[%clk 0:39:34]} 17. h4 {[%clk 0:48:15]} Qc5 {[%clk 0:27:52]} 18. Qd3
{[%clk 0:44:11]} Qh5 {[%clk 0:23:42]} 19. Qd4 {[%clk 0:32:33]} e5
{[%clk 0:24:06]} 20. Qe3 {[%clk 0:24:37]} Be6 {[%clk 0:18:38]} 21. Bxe5
{[%clk 0:22:13]} Bg4 {[%clk 0:18:14]} 22. Rd2 {[%clk 0:17:15]} Rae8
{[%clk 0:17:36]} 23. f4 {[%clk 0:17:12]} g5 {[%clk 0:13:39]} 24. Bc3
{[%clk 0:14:23]} gxh4 {[%clk 0:09:28]} 25. gxh4 {[%clk 0:11:14]} Kf7
{[%clk 0:05:51]} 26. Qd4 {[%clk 0:10:43]} Qh6 {[%clk 0:05:46]} 27. Rg2
{[%clk 0:10:10]} Rg8 {[%clk 0:05:54]} 28. h5 {[%clk 0:07:56]} Bh3
{[%clk 0:06:17]} 29. Bg6+ {[%clk 0:08:19]} Ke7 {[%clk 0:04:42]} 30. Re1+
{[%clk 0:06:58]} Be6 {[%clk 0:05:04]} 31. Qf6+ {[%clk 0:07:05]} Kd6
{[%clk 0:04:42]} 32. Be5+ {[%clk 0:04:15]} Kc5 {[%clk 0:05:01]} 33. Bd4+
{[%clk 0:03:53]} Kb4 {[%clk 0:04:40]} 34. Bc3+ {[%clk 0:02:39]} Ka3
{[%clk 0:04:27]} 35. Bb2+ {[%clk 0:01:59]} Kb4 {[%clk 0:04:51]} 36. Qc3+
{[%clk 0:01:13]} Kc5 {[%clk 0:05:19]} 37. Qd4+ {[%clk 0:01:34]} Kb4
{[%clk 0:05:30]} 38. a3+ {[%clk 0:01:46]} Ka5 {[%clk 0:05:22]} 39. Bc3+  1-0

[Event "European Senior Team Championship 2021"]
[Site "Don Giovanni hotel, Vinohradska 2733, Prague, Czech Republic"]
[Date "2021.09.01"]
[Round "3"]
[Board "4"]
[White "Vodicka, Pavel"]
[Black "Kozak, Karel"]
[Result "1-0"]
[WhiteElo "1915"]
[BlackElo "1859"]
[PlyCount "0"]
[EventDate "2021.08.30"]
[EventType "team"]
[EventRounds "9"]
[EventCountry "ECX"]
[WhiteTeam "SK BOHEMIA PARDUBICE"]
[BlackTeam "TJ SOKOL UDLICE"]

1. d4 {[%clk 1:31:00]} Nf6 {[%clk 1:30:23]} 2. c4 {[%clk 1:31:22]} d6
{[%clk 1:30:27]} 3. Nc3 {[%clk 1:29:50]} g6 {[%clk 1:30:49]} 4. e4
{[%clk 1:29:52]} Bg7 {[%clk 1:31:07]} 5. Nf3 {[%clk 1:30:08]} O-O
{[%clk 1:31:11]} 6. Be2 {[%clk 1:30:34]} c6 {[%clk 1:25:47]} 7. O-O
{[%clk 1:30:43]} Qb6 {[%clk 1:19:49]} 8. Qc2 {[%clk 1:29:04]} Na6
{[%clk 1:17:45]} 9. a3 {[%clk 1:26:36]} Qc7 {[%clk 1:08:32]} 10. h3
{[%clk 1:26:01]} e5 {[%clk 1:04:17]} 11. dxe5 {[%clk 1:20:58]} dxe5 12. Be3 Rd8
{[%clk 0:59:15]} 13. Rfd1 {[%clk 1:17:34]} Be6 {[%clk 0:55:22]} 14. Ng5
{[%clk 1:12:31]} Bd7 {[%clk 0:50:16]} 15. c5 {[%clk 1:05:33]} h6 {[%clk 0:36:37]}
16. Nf3 {[%clk 1:04:03]} b5 {[%clk 0:31:13]} 17. cxb6 {[%clk 0:59:32]} axb6
{[%clk 0:31:34]} 18. Na4 {[%clk 0:51:19]} b5 {[%clk 0:28:54]} 19. Bb6
{[%clk 0:50:40]} Qb7 {[%clk 0:26:02]} 20. Bxd8 {[%clk 0:50:38]} bxa4
{[%clk 0:25:59]} 21. Bxa6 {[%clk 0:35:01]} Rxa6 {[%clk 0:25:34]} 22. Rac1
{[%clk 0:33:03]} Be6 {[%clk 0:25:06]} 23. Rd6 {[%clk 0:23:34]} Bb3
{[%clk 0:24:07]} 24. Qe2 {[%clk 0:23:36]} Ne8 {[%clk 0:21:40]} 25. Rd3
{[%clk 0:19:33]} Qb5 {[%clk 0:19:11]} 26. Re3 {[%clk 0:19:09]} Qb7
{[%clk 0:17:57]} 27. Nd2 {[%clk 0:19:01]} Be6 {[%clk 0:17:51]} 28. Rec3
{[%clk 0:17:15]} Ra8 {[%clk 0:16:55]} 29. Qd3 {[%clk 0:15:26]} Rc8
{[%clk 0:14:41]} 30. Ba5 {[%clk 0:13:04]} Bf6 {[%clk 0:14:01]} 31. Nc4
{[%clk 0:11:51]} Qa6 {[%clk 0:11:55]} 32. Nd6 {[%clk 0:07:02]} Qxd3
{[%clk 0:08:11]} 33. Rxd3 {[%clk 0:07:12]} Nxd6 {[%clk 0:08:20]} 34. Rxd6
{[%clk 0:07:28]} c5 {[%clk 0:08:30]} 35. Bc3 {[%clk 0:05:52]} Kg7
{[%clk 0:07:49]} 36. Ra6 {[%clk 0:05:53]} Bb3 {[%clk 0:07:45]} 37. f4
{[%clk 0:06:13]} Re8 {[%clk 0:05:43]} 38. g3 {[%clk 0:03:10]} g5 {[%clk 0:04:58]}
39. fxe5 {[%clk 0:02:18]} Bxe5 {[%clk 0:05:13]} 40. Bxe5+ {[%clk 0:01:39]} Rxe5
{[%clk 0:05:34]} 41. Re1 {[%clk 0:01:50]} h5 {[%clk 0:02:48]} 42. g4
{[%clk 0:00:56]} hxg4 {[%clk 0:02:42]} 43. hxg4 {[%clk 0:01:21]} Kf8
{[%clk 0:02:16]} 44. Ra7 {[%clk 0:29:38]} Ke8 {[%clk 0:30:26]} 45. Kf2
{[%clk 0:28:53]} Kf8 {[%clk 0:29:04]} 46. Kf3 {[%clk 0:28:48]} Kg7
{[%clk 0:28:48]} 47. Rc1 {[%clk 0:28:38]} c4 {[%clk 0:28:50]} 48. Ke3
{[%clk 0:28:17]} Re8 {[%clk 0:27:10]} 49. Ra5 {[%clk 0:25:50]} Kg6
{[%clk 0:24:02]} 50. Kd4 {[%clk 0:24:45]} Re6 {[%clk 0:23:33]} 51. e5
{[%clk 0:19:07]} f5 {[%clk 0:17:38]} 52. Rd5 {[%clk 0:17:43]} c3 {[%clk 0:11:54]}
53. Rxc3 {[%clk 0:16:36]} Bxd5 {[%clk 0:11:34]} 54. Kxd5 {[%clk 0:16:58]} Rb6
{[%clk 0:09:53]} 55. gxf5+ {[%clk 0:09:14]} Kxf5 {[%clk 0:10:04]} 56. Rf3+
{[%clk 0:09:35]} Kg4 {[%clk 0:09:38]} 57. Rf1 {[%clk 0:07:39]} Rxb2
{[%clk 0:08:51]} 58. e6 {[%clk 0:07:21]} Rb3 {[%clk 0:08:46]} 59. Re1
{[%clk 0:07:14]} Rd3+ {[%clk 0:06:14]} 60. Ke5 {[%clk 0:07:18]} Rd8
{[%clk 0:03:21]} 61. e7 {[%clk 0:07:04]} Ra8 {[%clk 0:03:05]} 62. Rd1
{[%clk 0:06:45]}  1-0